000 00727nam a22002055a 4500
001 BNC01000000000000001199268
003 CL-SaCFP
005 20250807120136.0
008 220208s 000 0 spa
015 _acl-
020 _a9788426727244
040 _aclsabn
_bspa
_cclsabn
099 _asge/20220208
100 1 _aSchernich, Erik
245 1 0 _aArduino para principiantes :
_baprendizaje mediante programación por bloques para docentes y toda la familia /
_cErik Schernich ; traducción: Virginia Pérez.
250 _aSegunda edición en español, 2019
260 _a[Chile] :
_bMarcombo, S.A.,
_c2019
_e(Chile :
_fA Impresores)
300 _a223 páginas :
_bilustraciones ;
_c24 cm.
942 _2ddc
_cLIBRO
999 _c16302
_d16302